000 00236nam a22000977a 4500
008 170126b xxu||||| |||| 00| 0 eng d
041 _aeng
080 _218TH
_a61
245 _aMANUAL OF MEDICAL THERAPEUTICS
_cPACKMAN, R.C
942 _2udc
_cBK
999 _c3740
_d3740